Changing one's mind-maintaining one's identity : a first grade teacher's story / [et al.] (Record no. 63879)

MARC details
000 -CABECERA
campo de control de longitud fija 00648nam a2200229 a 4500
005 - FECHA Y HORA DE LA ÚLTIMA TRANSACCIÓN
campo de control 20210219152924.0
008 - ELEMENTOS DE LONGITUD FIJA--INFORMACIÓN GENERAL
campo de control de longitud fija 991125n 000 0 eng u
035 ## - NÚMERO DE CONTROL DEL SISTEMA
Número de control de sistema UPN01000067247
100 ## - ASIENTO PRINCIPAL--NOMBRE PERSONAL
Nombre de persona Walsh, Daniel J.
222 ## - TÍTULO CLAVE
Título clave TEACHERS COLLEGE RECORD
245 ## - MENCIÓN DE TÍTULO
Título Changing one's mind-maintaining one's identity : a first grade teacher's story / [et al.]
300 ## - DESCRIPCIÓN FÍSICA
Extensión 73-86
362 ## - FECHAS DE PUBLICACIÓN Y/O DESIGNACIÓN SECUENCIAL
Fecha de publicación y/o designación secuencial 1991 93, No. 1
505 ## - NOTA DE CONTENIDO CON FORMATO PREESTABLECIDO
Nota de contenido con formato Mayo 1992
653 0# - TERMINO DE INDIZACION - NO CONTROLADO
Término no controlado ACTITUD DOCENTE
653 0# - TERMINO DE INDIZACION - NO CONTROLADO
Término no controlado CAMBIO EDUCATIVO
653 0# - TERMINO DE INDIZACION - NO CONTROLADO
Término no controlado ESTRATEGIAS DE CAMBIO
700 ## - ASIENTO SECUNDARIO--NOMBRE DE PERSONAL
Nombre de persona Baturka, Natalie L.
700 ## - ASIENTO SECUNDARIO--NOMBRE DE PERSONAL
Nombre de persona Smith, Mary E.
904 ## - ELEMENTOS DE DATOS D LOCAL, LDD (RLIN)
a AC
b 005058
905 ## - TIPO DE MATERIAL
Tipo de material Articulo

No items available.